000 00745nam a2200241Ia 4500
003 OSt
005 20220927105031.0
006 a|||||r|||| 00| 0
007 ta
008 220926b |||||||| |||| 00| 0 eng d
024 _a187576
037 _cReference Collections
040 _aRTL
_cRTL
_beng
041 _2eng
_aeng
082 _a"X9()F551.2.N61<-N47r(, K1"
110 _aNEW BEERBHOOM COAL COMPANYU LIMITED
_9369738
245 0 _a"Half yearly report, 1947"
260 _aCalcutta
_bNew Beerchoom coal company
_c1961
300 _a11p
_ccm.
700 _aNEW BEERBHOOM COAL COMPANYU LIMITED
_9369739
942 _h"X9()F551.2.N61<-N47r(, K1"
_cCC
999 _c690383
_d690383